<?xml version="1.0" encoding="UTF-8"?>
<marc:record xmlns:marc="http://www.loc.gov/MARC21/slim">
   <marc:leader>00000nam a2200000 a 4500</marc:leader>
   <marc:datafield ind1="1" ind2=" " tag="100">
      <marc:subfield code="a">Prantl, Adi</marc:subfield>
      <marc:subfield code="4">aut</marc:subfield>
      <marc:subfield code="e">Verfasser/-in</marc:subfield>
   </marc:datafield>
   <marc:datafield ind1=" " ind2=" " tag="653">
      <marc:subfield code="a">Radtour Italien</marc:subfield>
   </marc:datafield>
   <marc:datafield ind1=" " ind2=" " tag="653">
      <marc:subfield code="a">Radweg Alpe Adria</marc:subfield>
   </marc:datafield>
   <marc:datafield ind1=" " ind2=" " tag="653">
      <marc:subfield code="a">Kanaltal Radweg</marc:subfield>
   </marc:datafield>
   <marc:datafield ind1=" " ind2=" " tag="653">
      <marc:subfield code="a">Reisebericht</marc:subfield>
   </marc:datafield>
   <marc:datafield ind1=" " ind2=" " tag="653">
      <marc:subfield code="a">Radreise Rom</marc:subfield>
   </marc:datafield>
   <marc:datafield ind1=" " ind2=" " tag="653">
      <marc:subfield code="a">Softcover / Reisen/Reiseberichte</marc:subfield>
   </marc:datafield>
   <marc:datafield ind1=" " ind2=" " tag="653">
      <marc:subfield code="a">Reiseerzählungen</marc:subfield>
   </marc:datafield>
   <marc:datafield ind1="0" ind2="0" tag="245">
      <marc:subfield code="a">Cappuccino al dente</marc:subfield>
   </marc:datafield>
   <marc:datafield ind1="0" ind2="0" tag="245">
      <marc:subfield code="b">Mit dem Rad von Tirol nach Süditalien</marc:subfield>
   </marc:datafield>
   <marc:datafield ind1="0" ind2="0" tag="245">
      <marc:subfield code="c">Adi Prantl</marc:subfield>
   </marc:datafield>
   <marc:datafield ind1=" " ind2="1" tag="264">
      <marc:subfield code="a">Norderstedt</marc:subfield>
      <marc:subfield code="b">BoD – Books on Demand</marc:subfield>
      <marc:subfield code="c">2021</marc:subfield>
   </marc:datafield>
   <marc:datafield ind1=" " ind2=" " tag="250">
      <marc:subfield code="a">1. Auflage</marc:subfield>
   </marc:datafield>
   <marc:datafield ind1="1" ind2=" " tag="520">
      <marc:subfield code="a">Angaben aus der Verlagsmeldung

Cappuccino al dente : Mit dem Rad von Tirol nach Süditalien / von Adi Prantl

Vielleicht kennen sie das Gefühl... Eingeklemmt im Alltag, jeder Tag wie der andere und das vielleicht über Jahrzehnte. Sogar der Weg zur Arbeit ist immer der gleiche. Wie es sich wohl anfühlen würde, der Tretmühle des Alltags für kurze Zeit den Rücken zu kehren?

Genau hier beginnt Cappuccino al dente.

Wie an jedem anderen Tag fährt Adi Prantl mit seinem Rad zur Arbeit, nur heute biegt er kurz vor seinem Arbeitsplatz in eine andere Richtung ab. Auf seinem Gepäcksträger nicht wie gewohnt die Schultasche, sondern ein Zelt und zwei schwere Satteltaschen.
Sein Ziel: Mit dem Fahrrad bis nach Rom zu radeln.

Während sein Wohnort hinter ihm immer kleiner wird, beginnt vor ihm ein Abenteuer, das ihn zuerst durch die beeindruckenden Landschaften der Alpen und später durch ein Italien, abseits der Touristenpfade führt. Es sind nicht nur die Beschreibungen der Orte, die den Reiz dieses Buches ausmachen, sondern die Begegnungen mit den Menschen, die ihnen Leben einhauchen.

Trotz einiger Cappuccino Pausen, braucht man für so eine Tour viel Durchhaltevermögen und Biss, denn Strapazen gibt es bei so einer langen Radtour genügend: Steile Gebirgsstraßen, italienische Autofahrer, freilaufende Hunde, Jäger, Mückenattacken, Wildschweine und kriminelle Elemente. All das und viele andere Geschichten erwarten den Leser im Wohnzimmerstuhl.

Vielleicht sogar bei einer Tasse Cappuccino?
</marc:subfield>
   </marc:datafield>
   <marc:datafield ind1=" " ind2=" " tag="020">
      <marc:subfield code="a">9783754340585</marc:subfield>
      <marc:subfield code="9">9783754340585</marc:subfield>
   </marc:datafield>
   <marc:datafield ind1=" " ind2=" " tag="020">
      <marc:subfield code="a">3754340581</marc:subfield>
      <marc:subfield code="9">3754340581</marc:subfield>
   </marc:datafield>
   <marc:datafield ind1=" " ind2=" " tag="041">
      <marc:subfield code="a">ger</marc:subfield>
   </marc:datafield>
   <marc:datafield ind1=" " ind2=" " tag="300">
      <marc:subfield code="a">368 Seiten</marc:subfield>
   </marc:datafield>
</marc:record>
